| 000 | 00947nam a22002417a 4500 | ||
|---|---|---|---|
| 005 | 20240530110406.0 | ||
| 008 | 150202s2011 ua g b 000 0 ara d | ||
| 040 | _aEG-CaGPL | ||
| 041 | 0 | _aara | |
| 082 | 0 | 4 |
_221 _a027.625\ _bم أ |
| 100 | 0 | _aمحمد السيد حلاوة | |
| 245 | 1 | 2 |
_aالانشطة فى مكتبات و متاحف الاطفال / _cمحمد السيد حلاوة |
| 260 |
_aالاسكندرية : _bدار المعرفة الجامعية ، _c2011 |
||
| 300 |
_a182 ص ؛ _c24 سم |
||
| 490 |
_aسلسة دراسات وقضايا : الطفولة المبكرة و رياض الاطفال ؛ _v4 |
||
| 504 | _aببليوجرافية : ص 173 - 178 | ||
| 650 | 0 | 4 | _aمكتبات الاطفال |
| 650 | 0 | 4 | _aكتب الاطفال |
| 650 | 0 | 4 | _aمتاحف الاطفال |
| 650 | 0 | 4 |
_aالخدمة المكتبية _xمكتبات الاطفال |
| 942 |
_2ddc _cBK |
||
| 999 |
_c60353 _d60353 |
||